000 00945nam a22002537a 4500
003 OSt
005 20251220165058.0
008 251220b |||||||| |||| 00| 0 eng d
040 _cDCL
041 _aEnglish
082 _a305.895
100 1 _a Leach, Edmund Ronald
245 1 0 _aPolitical systems of highland Burma :
_ba study of Kachin social structure /
_cby E.R. Leach; with foreword by Raymond Firth.
260 _aLondon :
_bThe London School of Economics,
_c1954.
300 _axx, 324 pages :
_bmaps, tables ;
_c24 cm.
504 _aBibliography: p. 251-267
650 _a Kachin (Asian people)
_xPolitics and government
650 _xPolitics and government
_aAhoms (Indic people)
650 _aKachin (Asian people)
_xSocial life and customs
650 _aSocial structure
_zBurma
_vCase studies
651 _aMyanmar
_xPolitic and government
700 1 _aFirth, Raymond
_eforeword
942 _2ddc
_cSHORT TERM
_n0
999 _c2764
_d2764